书目信息 |
| 题名: |
〓
|
|
| 作者: | 郑宏飞 著 | |
| 分册: | ||
| 出版信息: | 北京 北京理工大学出版社 2004 |
|
| 页数: | 237页 | |
| 开本: | 24cm | |
| 丛书名: | 学术·焦点丛书 | |
| 单 册: | ||
| 中图分类: | C03 | |
| 科图分类: | ||
| 主题词: | 热力学--分析方法--应用--研究 , 社会科学--科学方法论 | |
| 电子资源: | ||
| ISBN: | 7-5640-0265-4 | |
| 000 | 00995oam2 2200313 45 | |
| 001 | 0900000014484 | |
| 005 | 20060105171435.00 | |
| 010 | @a7-5640-0265-4@dCNY29.00 | |
| 092 | @aCN | |
| 100 | @a20041030d2004 ekmy0chiy0120 ea | |
| 101 | 0 | @achi |
| 102 | @aCN@b110000 | |
| 105 | @aa az 001yy | |
| 200 | 1 | @a〓@e一种新的方法论@f郑宏飞著@Fzheng hong fei zhu |
| 210 | @a北京@c北京理工大学出版社@d2004 | |
| 215 | @a237页@c图@d24cm | |
| 225 | 2 | @a学术·焦点丛书 |
| 303 | @a〓=(火 用) | |
| 320 | @a有书目及索引 | |
| 330 | @a本书回顾了[火用](yong)概念的发展历史,从关于其概念的分析中,发掘其方法论功能的因素,并通过在社会科学领域的推广展示其重要的方法论意义等。 | |
| 461 | 0 | @12001 @a学术·焦点丛书 |
| 517 | 1 | @a一种新的方法论@9yi zhong xin de fang fa lun |
| 606 | 0 | @a热力学@x分析方法@x应用@x研究 |
| 606 | 0 | @a社会科学@x科学方法论 |
| 690 | @aC03@v4 | |
| 701 | 0 | @a郑宏飞@Azheng hong fei@4著 |
| 801 | 0 | @aCN@bCXYBOOK@c20060105 |
| 905 | @e24@a10447@dC03 | |
| 999 | @aAFJ@eJDD | |
| 〓:一种新的方法论/郑宏飞著.-北京:北京理工大学出版社,2004 |
| 237页:图;24cm.-(学术·焦点丛书) |
| ISBN 7-5640-0265-4:CNY29.00 |
| 本书回顾了[火用](yong)概念的发展历史,从关于其概念的分析中,发掘其方法论功能的因素,并通过在社会科学领域的推广展示其重要的方法论意义等。 |
| ● |
| 相关链接 |
|
|
|
|
正题名:〓
索取号:C03/24
 
预约/预借
| 序号 | 登录号 | 条形码 | 馆藏地/架位号 | 状态 | 备注 |
| 1 | 0374013 | 203740130 | 第一样本阅览室/ [索取号:C03/24] | 在馆 | |
| 2 | 0374014 | 203740149 | 第一借阅区/ [索取号:C03/24] | 在馆 |